00269nam a2200109Ia 4500008004100000041001200041082001100053100001900064245006300083260000600146650000700152221030s9999 xx 000 0 und d aEnglish a105.23 aU. K. Banerjee 0aPractical Management Information Systemcby U. K. Banerjee c0 aMb